[Event "North Island-ch Staurt Memorial"]
[Site "Auckland"]
[Date "2023.07.16"]
[Round "8"]
[White "Jiang, Patrick"]
[Black "Ha, Huy Minh"]
[Result "1/2-1/2"]
[WhiteElo "1470"]
[BlackElo "1628"]
[PlyCount "61"]
[EventDate "2023.07.13"]
[EventType "swiss"]
[EventRounds "8"]
[EventCountry "NZL"]
[SourceTitle "EXT 2024"]
[Source "ChessBase"]
[SourceDate "2023.10.10"]
[SourceVersion "1"]
[SourceVersionDate "2023.10.10"]
[SourceQuality "1"]

1. d4 d5 2. Nf3 Nf6 3. g3 b5 4. Bg2 e6 5. 0-0 Be7 6. b3 0-0 7. Bb2 Bb7 8. Nbd2 c5 9. dxc5 Bxc5 10. Ne5 Nbd7 11. c4 bxc4 12. bxc4 Nxe5 13. Bxe5 Ng4 14. Bc3 Rb8 15. cxd5 Bxd5 16. e4 Nxf2 17. Rxf2 Bxf2+ 18. Kxf2 Qb6+ 19. Kf1 Qb5+ 20. Ke1 Qc5 21. Bxg7 Kxg7 22. Qg4+ Kh8 23. exd5 exd5 24. Qf4 Rbe8+ 25. Kf1 f5 26. Nb3 Qb5+ 27. Kg1 Qe2 28. Qd4+ Re5 29. Rc1 Kg7 30. Rc7+ Rf7 31. Rxf7+ 1/2-1/2

[Event "North Island-ch Staurt Memorial"]
[Site "Auckland"]
[Date "2023.07.14"]
[Round "4"]
[White "Yue, Annie"]
[Black "Ha, Huy Minh"]
[Result "0-1"]
[WhiteElo "1516"]
[BlackElo "1628"]
[PlyCount "80"]
[EventDate "2023.07.13"]
[EventType "swiss"]
[EventRounds "8"]
[EventCountry "NZL"]
[SourceTitle "EXT 2024"]
[Source "ChessBase"]
[SourceDate "2023.10.10"]
[SourceVersion "1"]
[SourceVersionDate "2023.10.10"]
[SourceQuality "1"]

1. e4 c6 2. d4 d5 3. exd5 cxd5 4. Nf3 Qc7 5. Nc3 Nf6 6. Nb5 Qd8 7. Bf4 Na6 8. a4 e6 9. Be2 Be7 10. Qd3 0-0 11. 0-0 Nb4 12. Qb3 a6 13. Bc7 Qe8 14. Na3 Nc6 15. Qe3 Ne4 16. Bd3 f5 17. c4 Qh5 18. cxd5 exd5 19. Bf4 Bf6 20. Nc2 Re8 21. Rfe1 Bd7 22. Qc1 Rac8 23. Be2 Qg6 24. Qd1 Qf7 25. Qd3 g5 26. Bc1 Qg7 27. Nd2 Nxd4 28. Nxd4 Bxd4 29. Nxe4 dxe4 30. Qd2 e3 31. Bc4+ Rxc4 32. fxe3 Bf6 33. Qd3 Rce4 34. Rd1 Bc6 35. Rb1 Rd8 36. Qb3+ Qf7 37. Rxd8+ Bxd8 38. Qd3 Qd5 39. Qe2 Bb6 40. Bd2 Qxd2 0-1

[Event "Auckland Waitangi op"]
[Site "Auckland"]
[Date "2023.02.05"]
[Round "5"]
[White "Mcewen, Matheson"]
[Black "Ha, Huy Minh"]
[Result "1-0"]
[WhiteElo "1553"]
[BlackElo "1643"]
[PlyCount "79"]
[EventDate "2023.02.03"]
[EventType "swiss"]
[EventRounds "6"]
[EventCountry "NZL"]
[SourceTitle "EXT 2024"]
[Source "ChessBase"]
[SourceDate "2023.10.10"]
[SourceVersion "1"]
[SourceVersionDate "2023.10.10"]
[SourceQuality "1"]

1. e4 d5 2. exd5 Qxd5 3. Nc3 Qd8 4. d4 c6 5. Nf3 Bg4 6. Bc4 e6 7. 0-0 Nf6 8. Re1 Be7 9. Be3 0-0 10. h3 Bh5 11. g4 Bg6 12. Ne5 Nd5 13. Nxd5 exd5 14. Bb3 Nd7 15. f4 Be4 16. Bf2 Nxe5 17. dxe5 Bh4 18. Qd4 Bxf2+ 19. Qxf2 Qb6 20. c4 Qxf2+ 21. Kxf2 Rfd8 22. Rad1 Kf8 23. cxd5 Bxd5 24. Bxd5 cxd5 25. Ke3 Rac8 26. Rc1 Rc4 27. Red1 Rb4 28. Rd2 a5 29. h4 Ke7 30. Rc5 b6 31. Rc7+ Kf8 32. b3 a4 33. Rd4 Rb5 34. b4 a3 35. f5 Re8 36. Kf4 Ra8 37. f6 Re8 38. Ra7 Rc8 39. Rxa3 h6 40. Ra7 1-0

[Event "North Island-ch"]
[Site "Auckland"]
[Date "2022.07.17"]
[Round "9"]
[White "Ha, Huy Minh"]
[Black "Lu, Xiahan Luna"]
[Result "1-0"]
[WhiteElo "1615"]
[BlackElo "1277"]
[PlyCount "78"]
[EventDate "2022.07.14"]
[EventType "swiss"]
[EventRounds "9"]
[EventCountry "NZL"]
[SourceTitle "EXT 2024"]
[Source "ChessBase"]
[SourceDate "2023.10.10"]
[SourceVersion "1"]
[SourceVersionDate "2023.10.10"]
[SourceQuality "1"]

1. d4 Nf6 2. c4 g6 3. g3 Bg7 4. Bg2 0-0 5. Nf3 d6 6. 0-0 c5 7. d5 Na6 8. Nc3 Nc7 9. e4 a6 10. a4 Bd7 11. Re1 b5 12. axb5 axb5 13. Rxa8 Qxa8 14. e5 dxe5 15. Nxe5 Qc8 16. d6 exd6 17. Qxd6 b4 18. Nxd7 Qxd7 19. Qxd7 Nxd7 20. Ne4 Ne6 21. Bh3 f5 22. Nd6 Nd4 23. Bg2 Ne5 24. Bd5+ Kh8 25. Kg2 Nd3 26. Rd1 Nxc1 27. Rxc1 Bh6 28. f4 Nb3 29. Re1 Bg7 30. Re7 Nd4 31. Rc7 Nb3 32. Nf7+ Kg8 33. Ng5+ Kh8 34. Ne6 Rg8 35. Nxg7 Rb8 36. Ne6 h6 37. Nxc5 Nd4 38. Nd7 Rd8 39. Nf6 Rf8 1-0

[Event "North Island-ch"]
[Site "Auckland"]
[Date "2022.07.15"]
[Round "4"]
[White "Mao, Daqi"]
[Black "Ha, Huy Minh"]
[Result "1-0"]
[WhiteElo "1832"]
[BlackElo "1615"]
[PlyCount "109"]
[EventDate "2022.07.14"]
[EventType "swiss"]
[EventRounds "9"]
[EventCountry "NZL"]
[SourceTitle "EXT 2024"]
[Source "ChessBase"]
[SourceDate "2023.10.10"]
[SourceVersion "1"]
[SourceVersionDate "2023.10.10"]
[SourceQuality "1"]

1. d4 d5 2. c4 e6 3. Nc3 Nf6 4. cxd5 exd5 5. Bg5 Be7 6. e3 c6 7. Bd3 0-0 8. Qc2 Nbd7 9. Nge2 Re8 10. 0-0 Nf8 11. f3 a6 12. a4 c5 13. b3 h6 14. Bh4 b6 15. Rad1 cxd4 16. Nxd4 Bb7 17. Bf5 g6 18. Bh3 Bc5 19. Rfe1 Kg7 20. Rd3 Ne6 21. Nxe6+ fxe6 22. Qb2 g5 23. Bf2 Qe7 24. e4 Bxf2+ 25. Kxf2 Qc5+ 26. Kf1 d4 27. Ne2 e5 28. Rc1 Qf8 29. Ng3 Kh8 30. Bf5 a5 31. Kg1 Qd6 32. Qc2 Re7 33. Bh3 Qb4 34. Rdd1 Rd8 35. Qc4 Qxc4 36. Rxc4 Ne8 37. Rdc1 Nd6 38. Rc7 Rxc7 39. Rxc7 Bc8 40. Bxc8 Rxc8 41. Rxc8+ Nxc8 42. Nf5 Kh7 43. g3 Na7 44. Nd6 Kg7 45. Nc4 Kf6 46. Nxb6 h5 47. h4 gxh4 48. gxh4 Ke6 49. Nc4 Nc6 50. Kf2 Kf6 51. Kg3 Ke6 52. f4 exf4+ 53. Kxf4 Kf6 54. e5+ Ke6 55. Ke4 1-0

[Event "NZL-ch Rapid 129th"]
[Site "Christchurch"]
[Date "2022.01.12"]
[Round "6"]
[White "Dharmasena, Gavith"]
[Black "Ha, Huy Minh"]
[Result "1-0"]
[WhiteElo "1771"]
[BlackElo "1637"]
[PlyCount "57"]
[EventDate "2022.01.11"]
[EventType "swiss (rapid)"]
[EventRounds "9"]
[EventCountry "NZL"]
[SourceTitle "CBM 206 Extra"]
[Source "ChessBase"]
[SourceDate "2022.03.31"]
[SourceVersion "1"]
[SourceVersionDate "2022.03.31"]
[SourceQuality "1"]

1. e4 e6 2. d4 d5 3. exd5 exd5 4. c4 Nf6 5. Nc3 Be7 6. Bd3 0-0 7. Nge2 dxc4 8. Bxc4 c6 9. h3 Bf5 10. 0-0 Nbd7 11. Ng3 Bg6 12. d5 cxd5 13. Nxd5 Bd6 14. Bf4 Bxf4 15. Nxf4 Nb6 16. Nxg6 hxg6 17. Bb3 Qc7 18. Rc1 Qf4 19. Ne2 Qg5 20. Rc7 Rab8 21. Qd3 Kh7 22. Bxf7 Rbd8 23. Qf3 Nbd5 24. Rxb7 Rd7 25. Rxd7 Nxd7 26. Qxd5 Ne5 27. f4 Qh5 28. fxe5 Qxe2 29. Bxg6+ 1-0

[Event "Henderson Trusts op-A 43rd"]
[Site "Henderson"]
[Date "2021.06.07"]
[Round "6"]
[White "Mao, Daqi"]
[Black "Ha, Huy Minh"]
[Result "1-0"]
[WhiteElo "1837"]
[BlackElo "1709"]
[PlyCount "107"]
[EventDate "2021.06.05"]
[EventType "swiss"]
[EventRounds "6"]
[EventCountry "NZL"]
[SourceTitle "EXT 2024"]
[Source "ChessBase"]
[SourceDate "2023.10.10"]
[SourceVersion "1"]
[SourceVersionDate "2023.10.10"]
[SourceQuality "1"]

1. d4 d5 2. c4 c6 3. Nc3 Nf6 4. Nf3 e6 5. Bg5 Be7 6. e3 Nbd7 7. Bd3 dxc4 8. Bxc4 b5 9. Bd3 a6 10. 0-0 0-0 11. Qc2 h6 12. Bh4 Nd5 13. Nxd5 cxd5 14. Bxe7 Qxe7 15. Qc7 Qd8 16. Rac1 Qxc7 17. Rxc7 Nf6 18. Ne5 Ne8 19. Re7 Nd6 20. Rc1 Nf5 21. Rec7 Nd6 22. Re7 Nf5 23. Bxf5 exf5 24. Nd7 Bxd7 25. Rxd7 Rac8 26. Rcc7 g6 27. Kf1 Kg7 28. Rxf7+ Rxf7 29. Rxc8 Rf6 30. Ke2 f4 31. Rc5 fxe3 32. fxe3 Rd6 33. Kf3 Kf6 34. b4 Ke7 35. Kf4 Rf6+ 36. Kg3 Re6 37. Kf2 Kd6 38. Ke2 Re8 39. a4 Ra8 40. axb5 axb5 41. Rxb5 Kc6 42. Ra5 Rg8 43. Rc5+ Kd6 44. b5 h5 45. b6 Rb8 46. Rb5 Rb7 47. Kf3 g5 48. Rb1 Ke6 49. e4 g4+ 50. Ke3 h4 51. exd5+ Kxd5 52. Kd3 h3 53. g3 Kc6 54. Kc4 1-0

[Event "Henderson Trusts op-A 43rd"]
[Site "Henderson"]
[Date "2021.06.05"]
[Round "2"]
[White "Ha, Huy Minh"]
[Black "Cilia Vincenti, David"]
[Result "1-0"]
[WhiteElo "1709"]
[BlackElo "2093"]
[PlyCount "49"]
[EventDate "2021.06.05"]
[EventType "swiss"]
[EventRounds "6"]
[EventCountry "NZL"]
[SourceTitle "EXT 2024"]
[Source "ChessBase"]
[SourceDate "2023.10.10"]
[SourceVersion "1"]
[SourceVersionDate "2023.10.10"]
[SourceQuality "1"]

1. e4 e5 2. Nf3 Nc6 3. Bb5 f5 4. d4 fxe4 5. Nxe5 Nxe5 6. dxe5 c6 7. Be2 d5 8. exd6 Bxd6 9. Nc3 Nf6 10. Bg5 Bf5 11. Qd4 Qe7 12. Bh5+ Kf8 13. Bxf6 gxf6 14. 0-0-0 Bc5 15. Qc4 b5 16. Nxb5 cxb5 17. Qd5 Kg7 18. Qxf5 Rhd8 19. Rhe1 e3 20. fxe3 Rxd1+ 21. Bxd1 Bxe3+ 22. Kb1 Qc5 23. Qd7+ Kf8 24. Qxh7 Rc8 25. Rxe3 1-0

[Event "North Island-ch"]
[Site "Wellington"]
[Date "2021.04.03"]
[Round "3"]
[White "Ker, Anthony F"]
[Black "Ha, Huy Minh"]
[Result "1-0"]
[WhiteElo "2305"]
[BlackElo "1715"]
[PlyCount "69"]
[EventDate "2021.04.02"]
[EventType "swiss"]
[EventRounds "8"]
[EventCountry "NZL"]
[SourceTitle "EXT 2024"]
[Source "ChessBase"]
[SourceDate "2023.10.10"]
[SourceVersion "1"]
[SourceVersionDate "2023.10.10"]
[SourceQuality "1"]

1. e4 e5 2. Nf3 Nc6 3. d4 exd4 4. Bc4 Nf6 5. e5 d5 6. Bb5 Ne4 7. Nxd4 Bd7 8. Bxc6 bxc6 9. 0-0 Be7 10. f3 Nc5 11. f4 Ne6 12. f5 Nxd4 13. Qxd4 Qb8 14. e6 fxe6 15. Qxg7 Qb6+ 16. Kh1 Rf8 17. f6 Rf7 18. Qg8+ Bf8 19. Bh6 Qxb2 20. Bxf8 Rxf8 21. f7+ Ke7 22. Qg5+ Kd6 23. Nd2 c5 24. Qf4+ Ke7 25. Qh4+ Kd6 26. Nc4+ dxc4 27. Rad1+ Kc6 28. Qe4+ Kb6 29. Rb1 c3 30. Rxb2+ cxb2 31. Rb1 c6 32. Qf4 Kb7 33. Qe5 Rad8 34. Rxb2+ Ka8 35. Qc7 1-0